[Event "BIH-chT 5th"]
[Site "Banja Vrucica"]
[Date "2006.06.19"]
[Round "2"]
[White "Bogut, Zeljko"]
[Black "Atalik, Suat"]
[Result "0-1"]
[WhiteElo "2443"]
[BlackElo "2632"]
[Annotator "Atalik,S"]
[PlyCount "62"]
[EventDate "2006.06.18"]
[EventType "team-tourn"]
[EventRounds "9"]
[EventCountry "BIH"]
[SourceTitle "EXT 2008"]
[Source "ChessBase"]
[SourceDate "2007.11.25"]
[SourceVersion "1"]
[SourceVersionDate "2007.11.25"]
[SourceQuality "1"]
[WhiteTeam "Siroki Brijeg"]
[BlackTeam "Sarajevo Bosna"]
[WhiteTeamCountry "BIH"]
[BlackTeamCountry "BIH"]

1. e4 e6 2. d4 d5 3. exd5 exd5 4. Bd3 $6 {I really dislike this move because
it allows black's next.} ({After} 4. Nf3 Nf6 5. Bd3 c5 $6 6. O-O c4 7. Re1+ Be7
{white is in time for} 8. Bf1) 4... c5 5. dxc5 Bxc5 6. Nf3 Nf6 (6... Qe7+ 7.
Be2 Nf6 8. O-O O-O {is an alternative.}) 7. O-O O-O 8. Bg5 h6 9. Bh4 g5 $1 10.
Bg3 Ne4 11. Nbd2 Nxg3 (11... f5 $6 12. Bxb8 Rxb8 13. Nb3 Bb6 14. Nfd4 $14) 12.
hxg3 Nc6 13. Nb3 Bb6 14. c3 Bg4 15. a4 $6 {An empty move.} (15. Bc2 $6 Ne5) (
15. Qd2 $5 $13) (15. Bb1 Qd6 16. Qd3 f5 $13) (15. Be2 Re8 $13) 15... Re8 16.
Qd2 Bxf3 17. gxf3 Ne5 18. Be2 $2 {White is not aware of the danger connected
with f2.} (18. Kg2 $5 Nc4 (18... d4 19. Nxd4 (19. cxd4 Nxf3 20. Kxf3 Qd5+ 21.
Kg4 Qxb3 $17) 19... Bxd4 20. cxd4 Nxf3 21. Kxf3 Qd5+ 22. Kg4 Qd7+ 23. Kf3 Qd5+
$11) (18... Qf6 19. Be2 Nc4 (19... Rad8 20. a5 Nc4 21. Qc2) 20. Qxd5 Rxe2 21.
Qxc4 Rxb2 22. a5 $11) 19. Qc2 a6) 18... Nc4 19. Qc2 Qe7 20. Rae1 (20. Rfe1 $2
Qd7 21. Kg2 Bxf2 $3 22. Kxf2 Ne3 23. Bb5 (23. Qd3 Qh3 24. Rh1 Qg2+ $19) 23...
Qh3 $19) (20. Bd3 $8 {White had to bite his lips and play his bishop back.})
20... Qd7 $1 $17 {Double attack.} 21. a5 (21. Nd4 Bxd4 (21... Qh3 22. Bxc4 dxc4
23. Qf5 (23. Nf5 $2 Bxf2+)) 22. cxd4 Rac8 $17) 21... Nxa5 ({Unfortunately.} 
21... Bxf2+ $2 {does not work.} 22. Rxf2 Qh3 (22... Ne3 23. Qc1) 23. Qc1 Ne3
24. Rh2 Qxg3+ 25. Kh1 $18) 22. Nxa5 $4 {Absolute tactical unawareness.} (22.
Kg2 $8) 22... Qh3 $1 $19 23. Bd1 Qxg3+ 24. Kh1 Qh3+ 25. Kg1 Bc7 26. f4 Bxf4 27.
Rxe8+ (27. f3 Qg3+) 27... Rxe8 28. f3 Be3+ 29. Rf2 Bb6 {All roads lead to Rome.
} (29... g4 30. fxg4 Bc5 $19) 30. Qd2 Bxa5 (30... g4 $142 31. fxg4 Re3 $19) 31.
Ba4 Re7 ({Even} 31... Re6 32. Bd7 Bb6 33. Bxe6 fxe6 34. Qd3 Kg7 $19 {wins.})
0-1

[Event "SRB Central-ch op-A 8th"]
[Site "Paracin"]
[Date "2015.07.04"]
[Round "2"]
[White "Brankovic, Dejan"]
[Black "Atalik, Suat"]
[Result "0-1"]
[WhiteElo "2322"]
[BlackElo "2564"]
[Annotator "Atalik,S"]
[PlyCount "38"]
[EventDate "2015.07.03"]
[EventType "swiss"]
[EventRounds "9"]
[EventCountry "SRB"]
[SourceTitle "EXT 2016"]
[Source "ChessBase"]
[SourceDate "2015.10.08"]
[SourceVersion "1"]
[SourceVersionDate "2015.10.08"]
[SourceQuality "1"]

1. e4 e6 2. d4 d5 3. exd5 exd5 4. Bd3 c5 $1 {The most challenging attempt.} 5.
dxc5 Bxc5 6. Nf3 Nf6 7. O-O O-O 8. h3 Nc6 9. Nbd2 Qd6 (9... Bb6 $5) 10. Nb3 Bb6
11. c4 Rd8 12. c5 $5 Bxc5 13. Nxc5 Qxc5 14. Bg5 Be6 $1 $146 {Of course I did
not step back!} (14... Qd6 15. Re1 Bd7 16. Qd2 $44) (14... Rd6 15. a3 $1) 15.
Bxf6 gxf6 16. Rc1 Qb4 $1 17. Re1 Kh8 $1 $17 {It is Black's turn to start
attacking through the open line g!} 18. Ng5 $4 fxg5 19. Qh5 Qh4 $1 0-1

[Event "Oberwart op 27th"]
[Site "Oberwart"]
[Date "2005.07.17"]
[Round "9"]
[White "Bakre, Tejas"]
[Black "Atalik, Suat"]
[Result "0-1"]
[WhiteElo "2467"]
[BlackElo "2561"]
[Annotator "Atalik,S"]
[PlyCount "118"]
[EventDate "2005.07.09"]
[EventType "swiss"]
[EventRounds "9"]
[EventCountry "AUT"]
[SourceTitle "CBM 107"]
[Source "ChessBase"]
[SourceDate "2005.08.01"]
[SourceVersion "1"]
[SourceVersionDate "2005.08.01"]
[SourceQuality "1"]

1. e4 e6 2. d4 d5 3. exd5 $5 {The fact that Bakre goes for this boring line
could be explained by his half a point lead over the field.} exd5 4. Nf3 Nf6 5.
Bd3 Be7 6. O-O O-O 7. h3 $5 {A passive but solid move.} ({I was thinking about
the following lines.} 7. Bg5 h6 8. Bh4 Nc6 9. c3 Nh5 10. Bxe7 Nxe7 $13) (7. Re1
Bg4 8. Bg5 Nbd7 $13) 7... c5 $1 {Giving the oppurtunity one has to break the
symmetry} 8. dxc5 Bxc5 9. Nbd2 {I am not impressed by this plan.} (9. Bg5 $6 h6
10. Bh4 g5 11. Nxg5 (11. Bg3 Ne4 $17) 11... hxg5 12. Bxg5 Qd6 13. Qf3 Ne4 $17 {
is just like what happenned in my game against Karayiannis from Ano Liosia
1996.}) 9... Nc6 10. Nb3 Bb6 11. c3 Ne4 12. Nbd4 Nxd4 $5 {I went for my usual
concept.Let us see if he will be able to defend this double isolated pawns
type of position.} (12... Qf6 {has a drawback with the repetition if black
wants to deploy his queen on g6.} 13. Be3 Re8 14. Re1 Qg6 15. Nh4 Qf6 16. Nhf3
$11) 13. Nxd4 Bxd4 14. cxd4 Qb6 {At least preventing him from taking his
bishop out.} (14... Qf6 15. Be3 Nd6 16. Re1 Bf5 17. Bf1 $14) 15. Bc2 Qg6 $1 (
15... Bf5 16. Bb3 Rad8 17. Qf3 Qg6 18. Bf4 $14) 16. Qf3 Bf5 (16... Nd2 $2 17.
Qc3 (17. Bxd2 Qxc2 18. Bb4 Re8 $11) 17... Ne4 18. Qb3 $16) 17. Be3 $6 {The
first inexactitude.} (17. Bf4 Ng5 (17... Nf6 18. Bb3 Rac8 19. Rac1) 18. Bxg5
Bxc2 19. Bf4 Be4 $11) 17... Nd6 $1 $36 {I have taken the initiative. The
Indian is good in tactics but sometimes he has difficulties to handle slightly
worse positions. Besides nobody challenged him in the tournament like that.}
18. Bb3 Be4 19. Qg4 Nc4 $1 {I am not afraid of opposite colored bishops let
him prove if it is a draw.} (19... Qxg4 20. hxg4 Nc4 21. Bxc4 dxc4 22. g5 $132)
20. Qxg6 Bxg6 $1 {I should not give him any time to hit my bishop with f3.} (
20... hxg6 21. Rfe1 $1 Rfe8 22. f3 Bf5 23. Bf4 $14) 21. Bxc4 {Loses his
patience.} (21. Rac1 b5 22. Rfe1 a5 $13) 21... dxc4 22. Bd2 Rfd8 $15 {Now I am
slightly better and my plan consisted of two steps.I have to put one rook on
d7 and bring my king to e7 than push a5 and b5 respectively and eventually if
only does nothing more than a3 Rd7-b7 and b4 will result in a breakthrough.}
23. Bc3 f6 24. Rfe1 Rd7 25. Re3 $6 (25. a4 a5 26. Re2 $15) 25... Kf7 26. Rae1
a5 $1 (26... b5 $6 27. Bb4 Rxd4 28. Re7+ Kg8 29. Rb7 $11) 27. a3 {I have
understood that he is going for the sac.} (27. a4 $6 Bc2 28. Ra1 b6 $17) 27...
b5 28. d5 $1 {He rightfully decided to jettison a pawn to reach a drawish R+B
endgame with a pawn down.} Raa7 $1 (28... Bd3 $6 29. d6 $1 $11) 29. Re8 Bd3 (
29... Rxd5 $2 30. Bxa5 $11) 30. Rb8 Rxd5 31. Ree8 h5 32. Ra8 Rxa8 33. Rxa8 a4
$15 {After I have sidestepped some of his small tricks we have reached an
ending where I am a pawn up, but a draw is the most probable result because of
the situation in the queen's wing.} 34. Ra7+ Kg6 35. f3 ({Why not?} 35. h4)
35... h4 $1 {I have seized my chance. Now I have to play g5, f5, f4 to hope
for something.} 36. Kf2 Bf5 37. Ke2 Bd7 38. Ra8 Kf5 39. Rh8 g5 40. Rf8 Rd6 41.
Ke3 Bc6 42. Bb4 $6 {I have understood that he did not see the only existing
trick in the position.} (42. Kf2 Re6 43. Rd8 Kg6 44. Bb4 {is one of many ways
to reach a draw.} f5 45. Rd6 Rxd6 46. Bxd6 f4 47. Bb4 $11 {I need my king on
b3 to win this.}) 42... Re6+ 43. Kf2 Be8 44. Bc3 $6 ({After} 44. Rg8 $8 $11 {
I cannot maintain the barricade for his rook.}) 44... Kg6 $1 {Obviously the
coming rook endgame is winning for black. What a change of events.} 45. Bxf6 $4
{This is the real howler to believe. My opponent seemed like he was hypnotised
by a boa constrictor and showed real collaboration to reach the lost rook
endgame.} (45. Bd4 Kg7 46. Bc5 Re5 (46... Bg6 47. Rb8 Bd3 48. Rxb5 Re2+ 49. Kg1
Re5 $11 {does not deliver anything either.}) 47. Bb4 $11 {was the last chance.
In panick he goes to the rook endgame.}) (45. Bb4 Kh7 46. Bc5 Kg7 {is similar
of course.}) 45... Rxf6 46. Rxe8 Rd6 $19 47. Re2 $8 (47. Ke2 $4 Rd3 48. Re3
Rxe3+ 49. Kxe3 Kf5 50. Ke2 Kf4 51. Kf2 b4 52. axb4 c3 53. bxc3 a3 $19 {is
children's textbook!}) 47... Kf5 {There are many ways to win this.} ({I had
two winning lines.} 47... Rd1 48. Ke3 (48. g4 Kf6 49. Ke3 Rh1 50. Rd2 Ke6 51.
Rd8 Rh2 $19) 48... Kf5 49. Kf2 (49. Rc2 Rd3+ 50. Kf2 Kf4 51. Re2 Rb3 $19) 49...
Ra1 50. Rd2 (50. g4+ hxg3+ 51. Kxg3 Ra2 52. Rc2 Ke5 53. Kg4 (53. Re2+ Kd4 54.
Kg4 Kd3 55. Re5 Rxb2 56. Kxg5 c3 57. f4 c2 58. Rc5 Rb3 59. Rxc2 Kxc2 60. f5
Rxa3 $19)) 50... Ke5 51. Ke2 Ra2 52. Kd1 (52. Ke3 c3 53. bxc3 Rxa3 54. Kd3 b4
$19) 52... c3 53. bxc3 Rxa3 54. Rc2 Kd5 $19) (47... Rd3 48. Ke1 (48. g3 Rb3 49.
gxh4 gxh4 50. Rc2 Kf5 51. Rd2 Kf4 52. Rd4+ Ke5 53. Rd2 c3 $19) 48... Kf5 49.
Re4 Rb3 50. Re2 c3 51. bxc3 Rxa3 52. Rb2 Rb3 53. Rc2 a3 54. Kd2 Rb2 55. Rxb2
axb2 56. Kc2 Kf4 $19) 48. g4+ hxg3+ (48... Kf6 $5 49. f4 (49. Kg2 Rd3 50. Kf2
Rb3 51. Rc2 Ke5 52. Re2+ Kd5 53. Rc2 Rd3 54. Re2 c3 55. bxc3 Rxc3 56. Ra2 Kc4
$19) 49... gxf4 50. Kf3 Rd4 $1 $19 (50... Rd3+ $2 51. Kxf4 Rxh3 52. g5+ Kg6 (
52... Kf7 53. Kg4) 53. Re6+ Kf7 54. Rb6 Rb3 55. g6+ $11)) 49. Kxg3 Rd3 50. Rc2
Rd1 {Simplest} (50... Rb3 {looks winning after all.} 51. Rd2 Ke5 52. Kg4 (52.
Re2+ Kd4 53. Kg4 Kd3 54. Rh2 c3 55. bxc3 Rxa3 56. f4 gxf4 57. Kxf4 Rxc3 $19) (
52. Rc2 Kd4 53. Kg4 Kd3 54. Rh2 c3 55. bxc3 Rxa3 56. f4 gxf4 57. Kxf4 Rxc3 58.
h4 Rc4+ 59. Kf5 b4 $19) 52... c3 53. bxc3 Rxa3 54. Rc2 Rb3 55. Kxg5 a3 56. f4+
Ke4 57. h4 Rb2 58. Rc1 a2 59. Ra1 Kd3 60. f5 Kxc3 (60... Rg2+ $2 61. Kh6 Rf2
62. h5 Kxc3 63. Rxa2 Rxa2 64. f6 b4 65. f7 Rf2 66. Kg7 b3 67. h6 $3 b2 68. h7
b1=Q 69. h8=Q $11 {is a funny draw.}) 61. h5 b4 62. h6 b3 63. Rh1 Rg2+ 64. Kf6
Rg8 $19) 51. Re2 Ra1 {Going to a2 with the terrible threats of pushing b4 and
c3.} 52. Rd2 (52. Rc2 Ra2 53. Rd2 b4 54. axb4 c3 $19) 52... Ke5 53. Re2+ Kd4
54. Rd2+ $2 {Not the most resilient.} (54. f4 $1 Kd3 55. Rh2 gxf4+ 56. Kxf4 c3
57. bxc3 Rxa3 58. h4 Ra1 $1 59. h5 (59. Rh3+ Kc4 60. h5 a3 61. h6 Rf1+ 62. Ke3
a2 63. Rh4+ Kxc3 64. h7 Rf8 65. Rh1 Rh8 $19) 59... Rf1+ 60. Ke5 Kxc3 61. h6 Rf8
62. h7 Rh8 {Just in time!} 63. Rh3+ Kc4 64. Rh4+ Kc5 $19) (54. Kg4 Kd3 55. Re5
Rb1 56. Rd5+ Kc2 57. Rxb5 c3 $19) 54... Ke3 55. Rd5 Rg1+ 56. Kh2 Rb1 $1 $19 {
Now it is an easy win.} 57. Rxb5 c3 58. Rc5 cxb2 59. Rb5 Kxf3 $1 {With the
presence of a pawns there is no draw. Black simply collects a3 and wins.} 0-1

[Event "Bonn GSK"]
[Site "Bonn"]
[Date "1996.??.??"]
[Round "?"]
[White "Miezis, Normunds"]
[Black "Ruzele, Darius"]
[Result "1/2-1/2"]
[WhiteElo "2530"]
[BlackElo "2520"]
[Annotator "Baburin,A"]
[PlyCount "96"]
[EventDate "1996.08.??"]
[EventType "tourn"]
[EventRounds "12"]
[EventCountry "GER"]
[EventCategory "12"]
[SourceTitle "CBM 056"]
[Source "ChessBase"]
[SourceDate "1997.02.01"]
[SourceVersion "1"]
[SourceVersionDate "1997.02.01"]
[SourceQuality "1"]

1. c4 {King} e6 2. e4 d5 3. exd5 exd5 4. d4 Nf6 5. Nc3 Nc6 6. Nf3 Bg4 7. Be3
Bb4 8. Bd3 dxc4 9. Bxc4 {Now Black converts his more agressive piece placement
into a better pawn structure by:} Bxf3 10. gxf3 O-O {Here White's pawn
formation is seriously compromised on the kingside, while in the centre he has
the isolated d4-pawn, which can shortly become a target for black's pieces.
Thus his only chance is in the possibility of using the semi-open g-file in an
attack against the opponent's monarch.} 11. a3 $5 {This move makes sense:
Black has to decide whether he should take on c3 (which fortifies the d-pawn)
or block either the d- or e-file, or move the bishop away from the kingside.
In the game Black chose the latter, which was probably, as from a5 the bishop
can be moved to b6, putting more pressure on the d-pawn.} Ba5 12. Rg1 Re8 (
12... Qd6 $5) 13. Kf1 {King: White makes the best out of a bad job. The attack
along the g-file causes Black a few problems at any rate.} Qd7 14. Bg5 Kh8 {
Black decides to allow Bxf6, but perhaps he should have preffered 14...Kh5,
keeping a healthy pawn formation.} 15. Bxf6 gxf6 {This position is still in
Black's favour, as his king is relatively safe and he has a target to attack -
the d4-pawn. However, the fact that Black now has doubled pawns as well, gives
White chances to escape, which he managed to do in the game.} 16. Rg4 f5 17.
Rh4 Rg8 18. Ne2 Bb6 19. Qd2 Rg7 20. Rd1 Ne7 21. Ng3 Qc6 22. d5 Qf6 23. Rh6 Qg5
24. Qxg5 Rxg5 25. d6 cxd6 26. Rdxd6 Rc8 27. b3 Rg6 28. h4 Kg7 29. Rhxg6+ fxg6
30. h5 Rc7 31. Re6 Bc5 32. a4 Nc6 33. h6+ Kxh6 34. Nxf5+ Kg5 35. Ng3 Be7 36.
Re4 Kh6 37. f4 Na5 38. Bd5 Rd7 39. Be6 Rc7 40. Kg2 Kg7 41. f5 Kf6 42. Bd5 Rd7
43. Re6+ Kg7 44. Re2 Bh4 45. Be6 Re7 46. Bd5 Rd7 47. Be6 Re7 48. Bd5 Rd7
1/2-1/2

[Event "Dhaka"]
[Site "Dhaka"]
[Date "1995.??.??"]
[Round "10"]
[White "Handoko, Edhi"]
[Black "Rahman, Zillur"]
[Result "1-0"]
[WhiteElo "2500"]
[BlackElo "2320"]
[Annotator "Baburin,A"]
[PlyCount "121"]
[EventDate "1995.??.??"]
[EventType "tourn"]
[EventRounds "13"]
[EventCountry "BAN"]
[EventCategory "9"]
[SourceTitle "CBM 048"]
[Source "ChessBase"]
[SourceDate "1995.10.01"]
[SourceVersion "1"]
[SourceVersionDate "1995.10.01"]
[SourceQuality "1"]

1. e4 e6 2. d4 d5 3. exd5 exd5 4. Nf3 Nf6 5. Bd3 Bg4 6. O-O Be7 7. Nbd2 O-O 8.
c3 Nbd7 9. Qc2 c5 10. Bf5 cxd4 11. Nxd4 Bd6 12. N2f3 Ne5 13. Bxg4 Nfxg4 14. h3
Nxf3+ 15. Nxf3 Ne5 16. Nxe5 Bxe5 17. Be3 {This is a dangerous position for
Black, which he should have avoided, as without N he can hardly benefit from
having the isolated P. While the weakness of this pawn is obvious and very
unpleasant for Black.} Qa5 18. Rfd1 Rfd8 19. Bd4 Bd6 20. Qf5 Qc7 21. Rd3 Qd7
22. Qg5 f5 23. Rad1 h6 24. Qh5 Qe6 25. Be3 Qe5 26. g3 Be7 27. Bd4 Qe6 28. Re3
Qf7 29. Qxf7+ Kxf7 30. Re5 g6 31. Be3 Bf6 32. Rexd5 Rxd5 33. Rxd5 $18 Ke6 34.
Rb5 b6 35. Bxh6 Rh8 36. Be3 Rxh3 37. a4 Bd8 38. c4 Rh7 39. c5 a6 40. Rb3 bxc5
41. Bxc5 g5 42. Rb8 Rd7 43. b4 f4 44. gxf4 gxf4 45. Kg2 Kf5 46. Kf3 Rd3+ 47.
Ke2 Rd5 48. Rc8 Kg4 49. Rc6 Bg5 50. f3+ Kg3 51. Rxa6 Re5+ 52. Kd3 Kxf3 53. Rg6
Kg4 54. Bd4 Rf5 55. b5 f3 56. b6 Rd5 57. b7 Rxd4+ 58. Kxd4 f2 59. b8=Q f1=Q 60.
Rxg5+ Kxg5 61. Qb5+ 1-0

[Event "Cheliabinsk"]
[Site "Cheliabinsk"]
[Date "1993.??.??"]
[Round "?"]
[White "Rublevsky, Sergei"]
[Black "Bashkov, Viacheslav"]
[Result "1-0"]
[WhiteElo "2525"]
[BlackElo "2430"]
[Annotator "Belov,I"]
[PlyCount "49"]
[EventDate "1993.12.??"]
[EventType "tourn"]
[EventRounds "12"]
[EventCountry "RUS"]
[EventCategory "10"]
[SourceTitle "CBM 039"]
[Source "ChessBase"]
[SourceDate "1994.04.01"]
[SourceVersion "1"]
[SourceVersionDate "1994.04.01"]
[SourceQuality "1"]

1. e4 e6 2. d4 d5 3. exd5 exd5 4. Nf3 Nf6 5. Bd3 c5 {Kasparov/} 6. O-O c4 7.
Re1+ Be7 8. Bf1 O-O 9. Bg5 (9. b3 cxb3 10. axb3 Nc6 11. Nbd2 Bf5 12. c3 a6 13.
Ba3 Bxa3 14. Rxa3 Qd6 $10 {Nicevski,R-Ulibin,M /Cheliabinsk/1992; 9.Ne5!?/})
9... h6 (9... Nc6 10. Ne5 Be6 11. Nxc6 bxc6 12. b3 c5 13. bxc4 dxc4 14. Nd2 h6
15. Bf4 cxd4 16. Bxc4 $10 {Hamdouchi,H-Komarov,D /Cannes/1992/}) (9... Bg4 10.
h3 Bxf3 (10... Bh5 11. Nc3 (11. g4 Bg6 12. Ne5 $14 {Kasparov/}) 11... Nc6 12.
g4 Bg6 13. Ne5 Re8 $1 14. Bg2 Qa5 15. f4 h6 $1 $14 {Makarichev,S-Ulibin,M /
SSSR (ch)/1991 1:0 (59) Inf 53/244/}) 11. Qxf3 Nc6 12. c3 Ne8 13. Bxe7 Nxe7 14.
Na3 Nc7 15. Nc2 Qd6 $10 {Kengis,E-Gurevich,M /Tilburg/1992 1:0 (45) Inf 56/284/
}) 10. Bh4 Bf5 $5 $146 (10... g5 11. Bg3 Ne4 12. Bxb8 Rxb8 13. Bxc4 Nxf2 14.
Qe2 Be6 15. Qxf2 dxc4 16. Nc3 Bf6 17. Ne5 $14 {Mueller,K-Kindermann,S /
Altensteig/1992 Inf 56/284/}) 11. Nc3 $5 (11. b3 cxb3 12. axb3 Nc6 13. c3 (13.
Nbd2 Nb4) 13... a6 (13... Re8 14. Bb5 $14) 14. Nbd2 Re8 15. Ne5 Rc8 $14) 11...
Nc6 12. Ne5 Re8 13. b3 $5 (13. Qd2 g5 $2 (13... Ne4 $6 14. Bxe7 Rxe7 (14...
Nxd2 $2 15. Bxd8 Nxf1 16. Nxc6 Rxe1 17. Rxe1 bxc6 18. Bc7 Nd2 19. f3 $18) 15.
Nxe4 Bxe4 16. Nxc6 bxc6 17. b3 cxb3 18. axb3 $16) (13... Qa5 14. Nxc6 bxc6 15.
Re5 Bh7 16. Rae1 $16) 14. Bxg5 hxg5 15. Qxg5+ Bg6 16. Nxg6 fxg6 17. Qxg6+ Kf8
18. Re3 $18) 13... g5 (13... cxb3 14. axb3 $16) (13... Bb4 14. Nxc6 Rxe1 (14...
bxc6 15. Rxe8+ Qxe8 16. Na4 $16) 15. Nxd8 Rxd1 16. Nxd1 $16) (13... Qa5 14. Re3
g5 15. Bg3 $13) 14. Bg3 Qa5 (14... Bb4 $5 15. Nxc6 bxc6 16. Rxe8+ Qxe8 17. Na4
cxb3 18. axb3 $16) 15. Re3 $8 Nxd4 $5 (15... Bb4 $5 $13 16. Qf3) 16. Nxc4 $1 (
16. Qxd4 Bc5 17. Qd2 d4 (17... Bxe3 18. Qxe3 Ng4 19. Qd4 $16) 18. Rf3 dxc3 19.
Qc1 Ba3 $13) 16... dxc4 17. Qxd4 Ng4 18. Rxe7 $1 $8 (18. Rf3 Bf6 19. Qd5 Qxd5
20. Nxd5 Bxa1 21. Rxf5 cxb3 22. axb3 Re1 $17) 18... Rxe7 19. bxc4 $1 (19. Bxc4
$2 Rd8 20. Nd5 Re4 21. Qb2 b5 $19) 19... Rd8 (19... Rae8 20. Nd5 Re4 21. Qb2
$16) 20. Nd5 Re4 21. Qb2 Rxd5 $8 22. cxd5 Qxd5 23. c4 $1 (23. f3 Qc5+ 24. Kh1
Rb4 $13) 23... Qc5 24. Rd1 $1 $18 Qe7 25. f3 (25. f3 Ne3 26. fxe4 Nxd1 27. Qd4
Bg4 28. h3 Bh5 29. Bd6 Qe6 30. e5 $18) 1-0

[Event "DDR-ch 38th"]
[Site "Zittau"]
[Date "1989.02.19"]
[Round "8"]
[White "Kaminski, Uwe"]
[Black "Teske, Henrik"]
[Result "1/2-1/2"]
[WhiteElo "2345"]
[BlackElo "2400"]
[Annotator "Bulletin"]
[PlyCount "114"]
[EventDate "1989.02.12"]
[EventType "tourn"]
[EventRounds "13"]
[EventCountry "DDR"]
[EventCategory "7"]
[SourceTitle "CBM 012"]
[Source "ChessBase"]
[SourceDate "1989.10.01"]
[SourceVersion "1"]
[SourceVersionDate "1989.10.01"]
[SourceQuality "1"]

1. e4 e6 2. d4 d5 3. exd5 exd5 4. Nc3 Nf6 5. Bg5 Be7 6. Nf3 O-O 7. Be2 c6 8.
O-O Nbd7 9. Re1 h6 10. Bf4 Re8 11. Ne5 Nxe5 12. Bxe5 Bf5 13. Bd3 Qd7 14. h3
Rad8 15. Qf3 Bxd3 16. Qxd3 Nh7 17. Re2 Nf8 18. Rae1 Ng6 19. Bg3 Bf6 20. Nd1
Rxe2 21. Rxe2 b6 22. Ne3 Be7 23. c3 Bd6 24. Bxd6 Qxd6 25. g3 Re8 26. Nf5 Qd7
27. Rxe8+ Qxe8 $10 28. Ne3 Qc8 29. Kg2 Ne7 30. Qe2 Qe6 31. Qa6 Qd7 32. Ng4 f6
33. Qe2 Kf7 34. Ne3 g6 35. Qg4 Qd6 36. Qe2 Qe6 37. Qf3 a5 38. Qf4 h5 39. h4 c5
40. Kh2 Qc6 41. c4 cxd4 42. Qxd4 dxc4 43. Nxc4 Nf5 44. Qf4 a4 45. b3 axb3 46.
axb3 b5 47. Ne3 Qc1 48. b4 $2 {48.Nf5 =} Nxe3 49. fxe3 Qc4 $2 (49... Qc2+ 50.
Kg1 Ke6 $17) 50. Qd6 $10 Qe2+ 51. Kh3 Qf1+ 52. Kh2 Qf2+ 53. Kh3 Qf5+ 54. Kg2 g5
55. hxg5 Qxg5 56. Qd7+ Kg6 57. Qe8+ Kg7 1/2-1/2

[Event "Hoogovens"]
[Site "Wijk aan Zee"]
[Date "1984.01.22"]
[Round "8"]
[White "Van der Sterren, Paul"]
[Black "Nikolic, Predrag"]
[Result "0-1"]
[WhiteElo "2475"]
[BlackElo "2570"]
[Annotator "Bulletin"]
[PlyCount "68"]
[EventDate "1984.01.13"]
[EventType "tourn"]
[EventRounds "13"]
[EventCountry "NED"]
[EventCategory "13"]
[SourceTitle "MCL"]
[Source "ChessBase"]
[SourceDate "1999.07.01"]
[SourceVersion "1"]
[SourceVersionDate "1999.07.01"]
[SourceQuality "1"]

1. d4 d5 2. c4 dxc4 3. e3 e5 4. Bxc4 exd4 5. exd4 Nf6 6. Nc3 Be7 7. Nf3 O-O 8.
O-O Nc6 $5 9. a3 (9. h3 $5) 9... Bg4 10. d5 $6 (10. Be3 Qd7 (10... Rb8 $5))
10... Ne5 11. Be2 Bxf3 12. Bxf3 Qd7 13. Re1 $6 (13. Be2 Bc5 (13... Rad8 14. Qb3
) 14. Qb3 Bb6) 13... Qf5 14. Be4 Nxe4 15. Nxe4 (15. Rxe4 Bf6) 15... Bh4 $1 (
15... Rad8 16. Ng3) 16. Qd4 (16. Ng3 Bxg3 17. hxg3 Nd3 18. Re2 Qxd5) 16... Rad8
17. Rd1 Rfe8 18. Ng3 Bxg3 19. hxg3 (19. fxg3 Nc6 $1) 19... Ng4 20. Bf4 (20. f3
Rxd5) 20... Qh5 $2 (20... c5 $1 21. Qxc5 b6 22. Qd4 Re4 23. Qd2 (23. Qd3 Re1+
$19) 23... Qh5 $19) 21. f3 Qh2+ 22. Kf1 Nf6 (22... Rxd5 23. Re1 $1 Red8 24. Qg1
Qxg1+ 25. Kxg1 Nf6 26. Bxc7) 23. g4 $1 Qh1+ 24. Kf2 Qh4+ 25. Bg3 Qg5 26. Bxc7
$1 Rxd5 27. Bf4 $1 Qh4+ (27... Qg6 28. Qc4 Rxd1 29. Rxd1 h5 $2 30. g5 $14) 28.
Bg3 Qh6 29. Qc3 Qg5 30. Rd4 $6 (30. Rxd5 Qxd5 31. Re1 $10) 30... Rxd4 31. Qxd4
h5 32. gxh5 $2 (32. Bf4 Qd5 33. Qxd5 Nxd5 34. Bd2 hxg4 35. fxg4 $10) 32... Rc8
$1 33. Rd1 $2 (33. Qf4 Rc2+ 34. Kg1 Qc5+ 35. Kh1 Nxh5 36. Qb8+ Kh7 37. Qe5
Nxg3+ 38. Qxg3 Qh5+ 39. Kg1 Rxb2 $17) 33... Nxh5 $1 (33... Rc2+ 34. Kg1 Qxg3 $2
35. Qd8+ Kh7 36. Qd3+ $18) 34. Qe5 (34. Be5 Rc2+ 35. Ke1 Qxg2 36. Qd8+ Kh7 37.
Qd3+ g6) 34... Qxg3+ $1 (34... Qxg3+ 35. Qxg3 Rc2+) 0-1